The Six Sigma handbook: a complete guide for green belts, black belts, and managers at all levels / (Record no. 615185)

000 -LEADER
fixed length control field 01049cam a2200289 a 4500
020 ## - INTERNATIONAL STANDARD BOOK NUMBER
International Standard Book Number 0071623388 (alk. paper) :
Terms of availability $89.95
020 ## - INTERNATIONAL STANDARD BOOK NUMBER
International Standard Book Number 9780071623384
Qualifying information alk. paper
082 00 - DEWEY DECIMAL CLASSIFICATION NUMBER
Classification number 658.562
Author Mark PYZ
100 1# - MAIN ENTRY--PERSONAL NAME
Personal name Pyzdek, Thomas.
245 14 - TITLE STATEMENT
Title The Six Sigma handbook: a complete guide for green belts, black belts, and managers at all levels /
Statement of responsibility, etc. Thomas Pyzdek, Paul A. Keller.
250 ## - EDITION STATEMENT
Edition statement 3rd ed.
260 ## - PUBLICATION, DISTRIBUTION, ETC.
Place of publication, distribution, etc. New York :
Name of publisher, distributor, etc. McGraw-Hill Companies,
Date of publication, distribution, etc. c2010.
300 ## - PHYSICAL DESCRIPTION
Extent xii, 548 p. :
Other physical details ill. ;
Dimensions 25 cm.
504 ## - BIBLIOGRAPHY, ETC. NOTE
Bibliography, etc. note Includes bibliographical references and index.
563 ## - BINDING INFORMATION
Binding note HB
650 #0 - SUBJECT ADDED ENTRY--TOPICAL TERM
Topical term or geographic name entry element Production management
650 #0 - SUBJECT ADDED ENTRY--TOPICAL TERM
Topical term or geographic name entry element Quality control
650 #0 - SUBJECT ADDED ENTRY--TOPICAL TERM
Topical term or geographic name entry element Six sigma (Quality control standard)
700 1# - ADDED ENTRY--PERSONAL NAME
Personal name Keller, Paul A.
942 ## - ADDED ENTRY ELEMENTS (KOHA)
Source of classification or shelving scheme
Koha item type Book
650 #0 - SUBJECT ADDED ENTRY--TOPICAL TERM
-- 11475
650 #0 - SUBJECT ADDED ENTRY--TOPICAL TERM
-- 131188
650 #0 - SUBJECT ADDED ENTRY--TOPICAL TERM
-- 11475
700 1# - ADDED ENTRY--PERSONAL NAME
-- 131189
Holdings
Withdrawn status Lost status Source of classification or shelving scheme Damaged status Not for loan Permanent Location Current Location Date acquired Total Checkouts Full call number Barcode Date last seen Price effective from Koha item type
          Central Library (CL) Central Library (CL) 10/15/2025   658.562 PYZ LC-503 10/15/2025 10/15/2025 Book
© 2023 Central Library, National University of Sciences and Technology. All Rights Reserved.